| 000 | 00376nam a2200145Ia 4500 | ||
|---|---|---|---|
| 008 | 240624s9999 xx 000 0 und d | ||
| 041 | _aeng | ||
| 082 | _a658.5 RUS | ||
| 100 | _aRUSSELL ROBERTA S | ||
| 245 | _aOPERATIONS MANAGEMENT QUALITY AND COMPET | ||
| 250 | _a(5th ed.) | ||
| 260 |
_c2006 _aNew Delhi _bWiley India |
||
| 300 | _axiv, : 808 : p. : cm. ; 28 | ||
| 365 | _cRS | ||
| 999 |
_c5775 _d5775 |
||